000 00553nam a22002057a 4500
001 4818
003 BD-RjUL
005 20211208233948.0
008 131223s1963 un c|||| |||| 00| 0 eng d
035 _a(BD-RjUL)4853
040 _aBD-RjUL
_beng
_cBD-RjUL
041 _aeng
082 0 4 _a 362.7811
_bRAW
100 1 _aRayner,Claire SRN
_915204
245 1 _aWhat Happens in Hospital /
_cRayner,Claire SRN
260 _aLondon :
_bRupert Hart-Davis.
_c1963
300 _a131p. ;
_c18cm.
650 0 7 _a Children -- Hospital care -
_915205
942 _2ddc
_cBK
999 _c4818
_d4818